| 000 | 00495pab a2200181 454500 | ||
|---|---|---|---|
| 008 | 180718b1980 xxu||||| |||| 00| 0 eng d | ||
| 100 | _aDwivedi, O.P. | ||
| 245 | _aAccountability of public servants: Recent developments in Canada | ||
| 260 | _c1980 | ||
| 300 | _ap.757-778. | ||
| 362 | _aJul-Sep | ||
| 650 | _aAccountability - Canada | ||
| 650 | _aCivil service - Canada | ||
| 650 | _aCivil service | ||
| 773 | _aIndian Journal of Public Administration | ||
| 908 | _aN | ||
| 909 | _a88498 | ||
| 999 |
_c88498 _d88498 |
||